| 000 | 00782nam a22002417a 4500 | ||
|---|---|---|---|
| 001 | 4110 | ||
| 003 | FISKH | ||
| 005 | 20240607102733.0 | ||
| 008 | 240607b cb ||||| |||| 00| 0 eng d | ||
| 040 |
_aFISKH _beng _cFISKH _dFISKH |
||
| 082 | _a398.8 | ||
| 100 |
_aMoroney, Trace _eauthor |
||
| 245 |
_aTwinkle Twinkle Little Star ! _cby Trace Moroney |
||
| 260 |
_aScoresby , Victoria : _bThe Five Mile Press ; _c2012 |
||
| 300 |
_a8 unnumbered pages : _bcolor illustrations ; _c15 cm . |
||
| 505 | _aB | ||
| 520 | _aAs you read the rhymes, solve the accompanying puzzles, all illustrated by Tracy Mulroney. | ||
| 521 | 8 |
_a40
_bLexile estimate |
|
| 521 | 8 |
_aB
_bRaz-Plus |
|
| 650 |
_anursery rhymes _vChildren Fiction |
||
| 942 |
_2ddc _cBK _n0 |
||
| 999 |
_c4110 _d4110 |
||